| 000 | 00373nam a22001457a 4500 | ||
|---|---|---|---|
| 005 | 20171212124231.0 | ||
| 008 | 171212b xxu||||| |||| 00| 0 eng d | ||
| 020 | _a9698324232 | ||
| 040 | _cPK-LaUMT | ||
| 082 |
_aPKAC 323.095497 _bSTA- |
||
| 245 | _aState of human rights in 2006/ | ||
| 260 |
_aLahore: _bHuman rights commission _c2006 |
||
| 300 | _a344 p. | ||
| 942 | _cBK | ||
| 999 |
_c100713 _d100713 |
||